000
00351nam a2200145Ia 4500
008
260223s2026 xx 000 0 und d
020
_a
9788197750007
041
_a
eng
082
_a
617.69/GILL
100
_a
Gill. KK.
245
_a
community Health Nursing-I
260
_a
New Delhi
_b
C.B.S. Pub.
_c
2026
300
_a
574P
650
_a
Community
999
_c
1216487
_d
1216487